Anuario estadístico, 1966

Salvato in:
Dettagli Bibliografici
Ente Autore: Costa Rica. Ministerio de Educación Pública
Natura: testo
Pubblicazione: San José: MEP. Oficina de Planeamiento Integral de la Educación
Soggetti:
Tags: Aggiungi Tag
Nessun Tag, puoi essere il primo ad aggiungerne!!

MARC

LEADER 00000 a a2200000 04500
001 17357
003
040
090 |a 020100  
110 |a Costa Rica. Ministerio de Educación Pública  
245 |a Anuario estadístico, 1966  
260 |a San José:   |b MEP. Oficina de Planeamiento Integral de la Educación  
300 |a 213 p.  
650 |a EDUCACION  
999 |c 10927  |d 10927